| 000 | 01915nam a22004457a 4500 | ||
|---|---|---|---|
| 003 | CHAP | ||
| 005 | 20220817044224.0 | ||
| 008 | 080806d2008 mx a r 00110 spa d | ||
| 010 | _a95002 | ||
| 011 | _a95974 | ||
| 020 | _a9703603661 | ||
| 035 | _a106611 | ||
| 040 | _cCHAP | ||
| 082 | 0 | 4 |
_a378.7253 _bC35 |
| 100 | 1 |
_aCalvillo Velasco, Max _917608 |
|
| 245 | 1 | 0 |
_aSetenta años de historia del Instituto Politécnico Nacional _c/por Max Calvillo Velasco, Lourdes Rocío Ramírez Palacios y Maricela López Guardado |
| 260 |
_aMéxico, D.F. : _bIPN, _c2006 |
||
| 300 |
_a4 v. : _bilus. ; tablas |
||
| 500 | _aLa biblioteca tiene : v.1 [1821-1952]. -- v.2 [1953-1976]. -- v.3 Pte.1y2 [1977-2004]. -- v.4 Pte.1y2 [monografías] | ||
| 590 |
_aBATCH-UPD _b10 _c20130110 _lUCH01 _h0315 |
||
| 590 |
_aBATCH-UPD _b10 _c20130110 _lUCH01 _h1842 |
||
| 590 |
_aBATCH-UPD _b10 _c20130409 _lUCH01 _h2348 |
||
| 590 |
_aBATCH-UPD _b10 _c20130914 _lUCH01 _h1238 |
||
| 590 |
_aCONVERSION _b10 _c20130109 _lUCH01 _h1353 |
||
| 650 | 1 | 4 | _aEducación superior. |
| 650 | 1 | 4 |
_aEducación técnica _xMéxico. _935678 |
| 650 | 1 | 4 |
_aEducación _xHistoria _zMéxico. _935454 |
| 700 | 1 |
_aLópez Guardado, Maricela. _967947 |
|
| 700 | 1 |
_aRamírez Palacios, Rocío. _994179 |
|
| 710 | 0 |
_aInstituto Politécnico Nacional. México. _959427 |
|
| 901 | _aBK | ||
| 911 | _aen proceso | ||
| 942 | _cLIBRO | ||
| 949 |
_a378.7253 C35 _bBC _cLIBRO _d33724002058488 _eLIBRO _fv.1 _h109747 _i106611 _sb |
||
| 949 |
_a378.7253 C35 _bBC _cLIBRO _d33724002058520 _eLIBRO _fv.2 _h109748 _i106611 _sb |
||
| 949 |
_a378.7253 C35 _bBC _cLIBRO _d33724002058561 _eLIBRO _fv.3 Pte.1 _h109749 _i106611 _sb |
||
| 949 |
_a378.7253 C35 _bBC _cLIBRO _d33724002058603 _eLIBRO _fv.3 Pte.2 _h109750 _i106611 _sb |
||
| 949 |
_a378.7253 C35 _bBC _cLIBRO _d33724002058644 _eLIBRO _fv.4 Pte.1 _h109751 _i106611 _sb |
||
| 949 |
_a378.7253 C35 _bBC _cLIBRO _d33724002058686 _eLIBRO _fv.4 Pte.2 _h109752 _i106611 _sb |
||
| 999 |
_c95002 _d95002 |
||